000 01137nam a2200253 a 4500
001 86382
003 BD-RjUL
005 20260421152937.0
008 260421r20241999|||||||| |||| 00| 0 ben d
020 _a9788185626162
035 _a(BD-RjUL)86382
040 _aBD-RjUL
_beng
_cBD-RjUL
041 _aben
082 _223
_a891.4408
_bDUM 2024
100 _aদত্ত, মাইকেল মধুসূদন
_91604
245 _aমধুসূধন রচনাবলী :
_bইংরেজি সহ সমগ্র রচনা একখণ্ডে /
_cক্ষেত্র গুপ্ত সম্পাদিত
250 _a৫ম সংশোধিত ও পরিবর্ধিত সং.
260 _aকলিকাতা :
_bসাহিত্য সংসদ,
_c১৯৯৯,[মুদ্রণ ২০২৪]
300 _a৭৬৬ পৃ.;
_c২২ সেমি.
650 _aবাংলা সাহিত্য
_xসংগৃহীত রচনাবলী
_93189
650 _aBengali Literature
_xCollected works
_93190
700 _aগুপ্ত, ক্ষেত্র
_98362
942 _2ddc
_cBK
999 _c86382
_d86382